000 00807nam a2200241Ia 4500
003 GCL
008 140319s9999 xx 000 0 ara d
040 _aGCL /
_cGCL
082 0 4 _aق
_b905
_bهـ ح
100 1 _aهيئة الاثار المصرية
245 1 0 _aحوليات هيئة الاثار المصرية /
_cهيئة الاثار المصرية
700 1 _aامال احمد العمرى
260 _a[S.N] :
_bهيئة الاثار المصرية ،
_c1986
300 _a68 ص
490 _aالبحوث والوثائق الاسلامية
_v0
650 0 4 _aمصر
650 0 4 _aتاريخ
650 0 4 _aالمقابر
650 0 4 _aالاثار الاسلامية
650 0 4 _aمتحف الفن الاسلامى
650 0 4 _aالدولة الطولونية
942 _2ddc
_cBK
999 _c33137
_d33137